[Event "2BLN 2324 HSK Lister Turm II - SV Glück"]
[Site "?"]
[Date "2024.02.24"]
[Round "7.2"]
[White "Polster, Christian"]
[Black "Kanarek, Marcel"]
[Result "1/2-1/2"]
[WhiteElo "2265"]
[BlackElo "2496"]
[PlyCount "123"]
[EventDate "2024.??.??"]

1. e4 c5 2. Nf3 d6 3. d4 cxd4 4. Nxd4 Nf6 5. Nc3 g6 6. Be3 Bg7 7. f3 O-O 8. Bc4 Nc6 9. Bb3 Nxd4 10. Bxd4 Qa5 11. Qd2 Be6 12. O-O-O b5 13. Kb1 b4 14. Nd5 Bxd5 15. exd5 Qb5 16. Qd3 Qxd3 17. Rxd3 Nd7 18. Re1 Ne5 19. Bxe5 Bxe5 20. Re4 a5 21. f4 Bf6 22. Ba4 Rfc8 23. a3 Rab8 24. axb4 Rxb4 25. Rxb4 axb4 26. Bc6 e5 27. Rb3 Rb8 28. c3 exf4 29. Kc2 Bh4 30. cxb4 Kg7 31. b5 Bd8 32. Rb4 g5 33. Re4 Bb6 34. Kd3 Kf6 35. Ke2 Rc8 36. Kf3 Rc7 37. h4 h6 38. Kg4 Rc8 39. Re8 Rxe8 40. Bxe8 Be3 41. hxg5+ hxg5 42. b3 Bb6 43. Kf3 Ke7 44. Bc6 f5 45. Bb7 Kf6 46. Bc8 Ke5 47. Be6 g4+ 48. Ke2 Ke4 49. Bf7 Bd4 50. Be6 g3 51. Bf7 f3+ 52. gxf3+ Kf4 53. Kf1 Kxf3 54. Bh5+ Ke4 55. Kg2 Kxd5 56. Bf3+ Kc5 57. Kxg3 Be5+ 58. Kf2 Kxb5 59. Ke2 Kb4 60. Bd5 Kc3 61. Ke3 f4+ 62. Ke4 1/2-1/2

[Event "2BLN 2324 HSK Lister Turm II - SV Glück"]
[Site "?"]
[Date "2024.02.24"]
[Round "7.3"]
[White "Sieciechowicz, Marcin"]
[Black "Gentemann, Moritz"]
[Result "1/2-1/2"]
[WhiteElo "2396"]
[BlackElo "2242"]
[PlyCount "49"]
[EventDate "2024.??.??"]

1. d4 Nf6 2. c4 e6 3. Nc3 d5 4. cxd5 exd5 5. Bg5 c6 6. Qc2 h6 7. Bh4 Be6 8. e3 Nbd7 9. Bd3 g5 10. Bg3 Nh5 11. Nf3 Nxg3 12. hxg3 Bg7 13. O-O O-O 14. Rad1 f5 15. b4 Rc8 16. Na4 f4 17. exf4 gxf4 18. Nh4 Bf7 19. Nf5 fxg3 20. fxg3 Qg5 21. Qd2 Qxd2 22. Rxd2 Rce8 23. Nc5 Nxc5 24. bxc5 Bg6 25. Nxg7 1/2-1/2

[Event "2BLN 2324 HSK Lister Turm II - SV Glück"]
[Site "?"]
[Date "2024.02.24"]
[Round "7.4"]
[White "Virag, Attila Aba"]
[Black "Steczek, Marcin"]
[Result "0-1"]
[WhiteElo "2269"]
[BlackElo "2341"]
[PlyCount "76"]
[EventDate "2024.??.??"]

1. e4 c6 2. d4 d5 3. e5 Bf5 4. Nf3 e6 5. Be2 Nd7 6. O-O h6 7. Be3 Ne7 8. Nbd2 Bh7 9. Nb3 Nf5 10. Bf4 Be7 11. g4 Nh4 12. Nxh4 Bxh4 13. Bg3 h5 14. gxh5 Bf5 15. Qd2 g6 16. hxg6 fxg6 17. Na5 Qc7 18. c4 Nb6 19. Rac1 dxc4 20. b3 O-O-O 21. Rfd1 Bxg3 22. fxg3 Qh7 23. Bf3 g5 24. Qf2 g4 25. Bh1 Be4 26. Bxe4 Qxe4 27. Nxc4 Nxc4 28. Rxc4 Rdf8 29. Qe1 Qh7 30. Rd2 Rf3 31. d5 exd5 32. Rxg4 Rhf8 33. Kg2 Qf5 34. Rh4 Rf1 35. Qe2 Qb1 36. e6 Rg1+ 37. Kh3 Qf5+ 38. Qg4 Qf1+ 0-1

[Event "2BLN 2324 HSK Lister Turm II - SV Glück"]
[Site "?"]
[Date "2024.02.24"]
[Round "7.5"]
[White "Dudzinski, Piotr"]
[Black "Bleecke, Sebastian"]
[Result "1-0"]
[WhiteElo "2337"]
[BlackElo "2162"]
[PlyCount "81"]
[EventDate "2024.??.??"]

1. e4 e5 2. Nf3 Nc6 3. Bc4 Nf6 4. d3 Bc5 5. O-O d6 6. c3 a5 7. Nbd2 O-O 8. Bb3 Ba7 9. h3 Be6 10. Re1 Bxb3 11. Qxb3 a4 12. Qd1 d5 13. Qe2 Re8 14. Nf1 h6 15. Ng3 Qd7 16. Be3 d4 17. cxd4 Nxd4 18. Nxd4 Bxd4 19. Nf5 Bxe3 20. Qxe3 Rad8 21. Qg3 Nh5 22. Nxh6+ Kh7 23. Qg5 Nf4 24. Nf5 f6 25. Qh4+ Kg8 26. d4 c6 27. dxe5 fxe5 28. Qg4 Ne6 29. Rad1 Nd4 30. Rd3 Qc7 31. Rg3 Nxf5 32. exf5 Qf7 33. Qxa4 Qxf5 34. Rf3 Qe6 35. a3 Rd4 36. Qa7 Qd7 37. Rfe3 Rd1 38. Rxd1 Qxd1+ 39. Kh2 Qd2 40. Qxb7 Qxf2 41. Rf3 1-0

[Event "2BLN 2324 HSK Lister Turm II - SV Glück"]
[Site "?"]
[Date "2024.02.24"]
[Round "7.6"]
[White "Schoeneshoefer, Adrian"]
[Black "Sroczynski, Maciej"]
[Result "1-0"]
[WhiteElo "2009"]
[BlackElo "2266"]
[PlyCount "153"]
[EventDate "2024.??.??"]

1. e4 c5 2. Nf3 d6 3. c3 Nf6 4. h3 Nbd7 5. Bd3 e5 6. O-O Be7 7. Bc2 O-O 8. d4 Qc7 9. Be3 Re8 10. d5 Nf8 11. a4 Ng6 12. Na3 Bd7 13. b4 b6 14. a5 cxb4 15. axb6 axb6 16. cxb4 Rec8 17. Re1 b5 18. Bd3 Qb7 19. Qe2 Rcb8 20. Nd2 Ra4 21. Reb1 Ne8 22. Bc2 Ra6 23. Nb3 Bd8 24. Bd3 Kf8 25. Nc2 Ra4 26. Ra3 Rba8 27. Rba1 Rxa3 28. Rxa3 Ra4 29. Nd2 Nc7 30. Nb1 Qa6 31. Rxa4 Qxa4 32. Nc3 Qb3 33. Qd2 h6 34. Bb6 Bg5 35. Ne3 Na6 36. Na2 Nf4 37. Bf1 Qb1 38. Qc2 Qa1 39. Nd1 Kg8 40. Ba5 Qd4 41. Ndc3 f5 42. g3 Nh5 43. Kg2 fxe4 44. Qxe4 Qd2 45. Qe2 Nf6 46. h4 Qxe2 47. Bxe2 Bd2 48. Nb1 Be1 49. Kf1 Bxf2 50. Kxf2 Nxd5 51. Nbc3 Ndc7 52. Bf3 Ne6 53. Nd5 Kf7 54. Nac3 Nd4 55. Be4 g5 56. h5 g4 57. Bg6+ Ke6 58. Ne3 Ke7 59. Ncd5+ Ke6 60. Bd8 Bc6 61. Nf6 Nxb4 62. Nfxg4 e4 63. Nxh6 Nd3+ 64. Kf1 Ne5 65. Nhf5 Ndf3 66. Ng7+ Kd7 67. Bf6 Nxg6 68. hxg6 b4 69. Ke2 Bb5+ 70. Kd1 Ne5 71. Bxe5 dxe5 72. Kc2 Ba4+ 73. Kb2 Ke7 74. Ngf5+ Kf6 75. g7 Kf7 76. Ng4 e3 77. Ngh6+ 1-0

[Event "2BLN 2324 HSK Lister Turm II - SV Glück"]
[Site "?"]
[Date "2024.02.24"]
[Round "7.7"]
[White "Mickiewicz, Piotr"]
[Black "Braeutigam, Mike"]
[Result "1-0"]
[WhiteElo "2239"]
[BlackElo "1886"]
[PlyCount "55"]
[EventDate "2024.??.??"]

1. Nf3 f5 2. c4 Nf6 3. Nc3 e6 4. g3 Be7 5. Bg2 O-O 6. O-O d6 7. d4 Ne4 8. Qc2 d5 9. Bf4 c6 10. Rab1 Nd7 11. b4 g5 12. Bc1 Bf6 13. b5 g4 14. Nd2 Bxd4 15. Ndxe4 fxe4 16. bxc6 bxc6 17. cxd5 cxd5 18. Nb5 Bc5 19. Bf4 Ba6 20. Nc7 Rc8 21. Qa4 Bxe2 22. Nxe6 Qe7 23. Nxf8 Nxf8 24. Rfc1 Bc4 25. Rxc4 dxc4 26. Qxc4+ Kg7 27. Qa6 Bb6 28. Qxc8 1-0

[Event "2BLN 2324 HSK Lister Turm II - SV Glück"]
[Site "?"]
[Date "2024.02.24"]
[Round "7.8"]
[White "Sauer, Tim"]
[Black "Wlodarczyk, Oskar"]
[Result "1/2-1/2"]
[WhiteElo "2054"]
[BlackElo "2225"]
[PlyCount "42"]
[EventDate "2024.??.??"]

1. d4 Nf6 2. Nf3 g6 3. g3 d5 4. Bg2 Bg7 5. O-O O-O 6. c4 dxc4 7. Na3 c3 8. bxc3 c5 9. Ne5 Nbd7 10. Nxd7 Nxd7 11. Bb2 Qa5 12. Nc4 Qa6 13. Qb3 Rb8 14. a4 Nf6 15. Qb5 Be6 16. Ne3 cxd4 17. cxd4 Ng4 18. Nd5 Bxd5 19. Bxd5 Rfd8 20. Bf3 Bxd4 21. Bxd4 Rxd4 1/2-1/2

[Event "2BLN 2324 SG AE Magdeburg - SF Berlin"]
[Site "?"]
[Date "2024.02.24"]
[Round "7.1"]
[White "Tomczak, Jacek"]
[Black "Degtiarev, Evgeny"]
[Result "1/2-1/2"]
[WhiteElo "2598"]
[BlackElo "2381"]
[PlyCount "80"]
[EventDate "2024.??.??"]

1. e4 e5 2. Nf3 Nc6 3. d4 exd4 4. Nxd4 Nf6 5. Nxc6 bxc6 6. e5 Qe7 7. Qe2 Nd5 8. c4 Ba6 9. b3 f6 10. Ba3 Nb4 11. Bb2 fxe5 12. a3 Nd5 13. Qd2 Nf6 14. Be2 Rb8 15. b4 Qe6 16. O-O Be7 17. Qe3 Bxc4 18. Bxc4 Qxc4 19. Qxe5 Rb5 20. Qxc7 O-O 21. Qg3 Rd5 22. Qc3 Qxc3 23. Nxc3 Rd2 24. Rab1 a5 25. b5 cxb5 26. Nxb5 Bc5 27. Bc3 Ra2 28. Bxa5 Ne4 29. Nc3 Raxf2 30. Rxf2 Bxf2+ 31. Kh1 Ng3+ 32. hxg3 Rf6 33. Bd8 Rh6+ 34. Bh4 Bxg3 35. Kg1 Rxh4 36. Rd1 d6 37. Rd3 Be5 38. Nb5 Ra4 39. Nxd6 Bxd6 40. Rxd6 Rxa3 {(=)} 1/2-1/2

[Event "2BLN 2324 SG AE Magdeburg - SF Berlin"]
[Site "?"]
[Date "2024.02.24"]
[Round "7.2"]
[White "Malek, Daniel"]
[Black "Neiksans, Arturs"]
[Result "0-1"]
[WhiteElo "2291"]
[BlackElo "2590"]
[PlyCount "128"]
[EventDate "2024.??.??"]

1. e4 c5 2. Nf3 Nc6 3. Bb5 e6 4. O-O Nge7 5. Re1 Nd4 6. Nxd4 cxd4 7. c3 a6 8. Bf1 Nc6 9. b4 Bd6 10. Bb2 Be5 11. Na3 O-O 12. Nc4 Bf6 13. e5 Be7 14. a4 f6 15. exf6 Bxf6 16. b5 dxc3 17. dxc3 Ne7 18. Qc2 axb5 19. axb5 Rxa1 20. Bxa1 Qc7 21. Bd3 g6 22. Ne3 b6 23. Bb2 Nf5 24. Nxf5 gxf5 25. c4 Bb7 26. Re3 Qd8 27. Rg3+ Kh8 28. f4 Qe7 29. Qf2 Bxb2 30. Qxb2+ Qf6 31. Qf2 Be4 32. Qxb6 Bxd3 33. Rxd3 Qa1+ 34. Kf2 Qa2+ 35. Ke3 Qxg2 36. Qd4+ Kg8 37. Qxd7 Qe4+ 38. Kd2 Qxf4+ 39. Kc3 Qe5+ 40. Kb3 f4 41. Qe7 f3 42. Rd8 Rxd8 43. Qxd8+ Kf7 44. b6 Qe3+ 45. Kb4 f2 46. Qd7+ Kg6 47. Qe8+ Kg5 48. Qg8+ Kh4 49. Qxh7+ Kg4 50. Qg7+ Kh3 51. b7 f1=Q 52. Qh8+ Kg2 53. b8=Q Qb1+ 54. Ka4 Qc2+ 55. Kb5 Qeb3+ 56. Kc6 Qcxc4+ 57. Kd7 Qd5+ 58. Ke7 Qg5+ 59. Kd7 Qa4+ 60. Kc8 Qc6+ 61. Qc7 Qa8+ 62. Qb8 Qc5+ 63. Kd7 Qac6+ 64. Kd8 Qg5+ 0-1

[Event "2BLN 2324 SG AE Magdeburg - SF Berlin"]
[Site "?"]
[Date "2024.02.24"]
[Round "7.3"]
[White "Blohberger, Felix"]
[Black "Andre, Gordon"]
[Result "1/2-1/2"]
[WhiteElo "2537"]
[BlackElo "2317"]
[PlyCount "88"]
[EventDate "2024.??.??"]

1. d4 d5 2. Nf3 Nf6 3. c4 e6 4. g3 Bb4+ 5. Bd2 Be7 6. Bg2 O-O 7. Qc2 c6 8. h4 Nbd7 9. Bf4 b6 10. Nbd2 Bb7 11. e4 dxe4 12. Nxe4 Nxe4 13. Qxe4 Nf6 14. Qc2 c5 15. d5 exd5 16. O-O-O d4 17. Rhe1 Bd6 18. Bg5 h6 19. Nxd4 cxd4 20. Bxb7 Rb8 21. Bxf6 Qxf6 22. Ba6 Rfe8 23. Re2 Re5 24. Rxe5 Qxe5 25. Qd2 Rd8 26. a3 Be7 27. Re1 Qc7 28. Qd3 Bf6 29. Kb1 Qc6 30. Bb5 Qg2 31. Re2 h5 32. f4 Qh3 33. Ba4 g6 34. Bc2 Qc8 35. Ka2 Kg7 36. Rf2 Re8 37. Rf3 Qe6 38. Ba4 Re7 39. Bd1 b5 40. Bb3 bxc4 41. Bxc4 Qe1 42. Rf1 Qe3 43. Rf3 Qe1 44. Rf1 Qe3 1/2-1/2

[Event "2BLN 2324 SG AE Magdeburg - SF Berlin"]
[Site "?"]
[Date "2024.02.24"]
[Round "7.4"]
[White "Melamed, Tatjana"]
[Black "Schmidek, Emil"]
[Result "1/2-1/2"]
[WhiteElo "2352"]
[BlackElo "2446"]
[PlyCount "84"]
[EventDate "2024.??.??"]

1. e4 c6 2. d4 d5 3. Nd2 dxe4 4. Nxe4 Nf6 5. Nxf6+ exf6 6. c3 Bd6 7. Bd3 O-O 8. Qc2 Re8+ 9. Ne2 h5 10. Be3 Nd7 11. c4 Nf8 12. O-O-O Be6 13. Kb1 Rc8 14. a3 Ng6 15. Rhe1 b5 16. c5 Bf8 17. Nc3 Ne7 18. Bh7+ Kh8 19. Be4 Nd5 20. Nxd5 Bxd5 21. Bf4 g6 22. f3 Be6 23. Qc3 Kh7 24. Re3 f5 25. Bc2 Qh4 26. Bg3 Qg5 27. Rde1 Bg7 28. Be5 Bxe5 29. Rxe5 Qxg2 30. Bb3 Qxh2 31. Bxe6 fxe6 32. Rxe6 Rxe6 33. Rxe6 Rc7 34. Qe3 Qg3 35. d5 cxd5 36. Re7+ Rxe7 37. Qxe7+ Kh6 38. c6 Qxf3 39. c7 Qf1+ 40. Ka2 Qc4+ 41. Ka1 Qc1+ 42. Ka2 Qc4+ 1/2-1/2

[Event "2BLN 2324 SG AE Magdeburg - SF Berlin"]
[Site "?"]
[Date "2024.02.24"]
[Round "7.5"]
[White "Jakubowski, Krzysztof"]
[Black "Woellermann, Jan"]
[Result "1/2-1/2"]
[WhiteElo "2467"]
[BlackElo "2352"]
[PlyCount "70"]
[EventDate "2024.??.??"]

1. c4 e5 2. e3 Nf6 3. Nc3 Bb4 4. Nge2 O-O 5. a3 Be7 6. g3 d5 7. cxd5 Nxd5 8. Bg2 Nxc3 9. Nxc3 c6 10. O-O Be6 11. d4 exd4 12. exd4 Bc4 13. Re1 Bf6 14. Be3 Nd7 15. Rc1 Nb6 16. Ne4 Bd5 17. Nc5 Bxg2 18. Kxg2 Qc8 19. h3 Nd5 20. Qg4 Qc7 21. Bh6 Kh8 22. Bg5 Rad8 23. h4 h6 24. Ne4 Be7 25. Qh5 Kg8 26. Re2 Qd7 27. Nc5 Qc7 28. Bxh6 gxh6 29. Ne6 fxe6 30. Qg6+ Kh8 31. Qxh6+ Kg8 32. Qg6+ Kh8 33. Qh6+ Kg8 34. Qg6+ Kh8 35. Qh6+ Kg8 1/2-1/2

[Event "2BLN 2324 SG AE Magdeburg - SF Berlin"]
[Site "?"]
[Date "2024.02.24"]
[Round "7.6"]
[White "Schoene, Maria"]
[Black "Agopov, Mikael"]
[Result "0-1"]
[WhiteElo "2182"]
[BlackElo "2450"]
[PlyCount "62"]
[EventDate "2024.??.??"]

1. e4 c5 2. Nf3 d6 3. d4 cxd4 4. Nxd4 Nf6 5. Nc3 a6 6. Be3 e6 7. Be2 Qc7 8. a3 b5 9. g4 Bb7 10. Bf3 Nc6 11. Nxc6 Bxc6 12. g5 Nd7 13. Qd4 Rb8 14. h4 a5 15. b4 Ne5 16. Be2 Bd7 17. h5 axb4 18. axb4 Nc6 19. Qd2 Nxb4 20. Ra7 Qc8 21. Kf1 Nc6 22. Ra1 Ne5 23. Kg2 Be7 24. h6 g6 25. Bd4 O-O 26. Rhb1 b4 27. Na4 Bxa4 28. Rxa4 Qc6 29. Ra7 Qxe4+ 30. f3 Bxg5 31. Qxg5 Qxe2+ 0-1

[Event "2BLN 2324 SG AE Magdeburg - SF Berlin"]
[Site "?"]
[Date "2024.02.24"]
[Round "7.7"]
[White "Seyb, Alexander"]
[Black "Wagner, Benjamin"]
[Result "1-0"]
[WhiteElo "2437"]
[BlackElo "2163"]
[PlyCount "89"]
[EventDate "2024.??.??"]

1. e4 e5 2. Nf3 Nc6 3. Bb5 a6 4. Ba4 Nf6 5. O-O Be7 6. d3 b5 7. Bb3 d6 8. a3 O-O 9. Nc3 Be6 10. Bg5 Nd7 11. Be3 Bxb3 12. cxb3 Bf6 13. Nd5 Ne7 14. b4 c6 15. Nxf6+ Nxf6 16. Rc1 Rc8 17. Re1 Ng6 18. Nd2 d5 19. Qf3 h6 20. Nb3 d4 21. Bd2 Nd7 22. Rc2 Qe7 23. Qh3 Qd6 24. Rec1 Ne7 25. Na5 Rc7 26. g3 Rfc8 27. Nb3 g5 28. Nc5 Nxc5 29. Rxc5 Kg7 30. Rf1 Ng6 31. Qf5 f6 32. f4 Rf8 33. Qg4 Kh7 34. f5 Ne7 35. h4 Ng8 36. Kf2 Rg7 37. Rh1 Qd7 38. hxg5 fxg5 39. Bxg5 Qe6 40. Qh4 Rxf5+ 41. exf5 Qxf5+ 42. Bf4 Nf6 43. Ke2 Nd5 44. Qxh6+ Kg8 45. Qxc6 1-0

[Event "2BLN 2324 SG AE Magdeburg - SF Berlin"]
[Site "?"]
[Date "2024.02.24"]
[Round "7.8"]
[White "Rafayevych, Vilen"]
[Black "Kristoferitsch, Daniel"]
[Result "0-1"]
[WhiteElo "2188"]
[BlackElo "2246"]
[PlyCount "58"]
[EventDate "2024.??.??"]

1. c4 c5 2. Nc3 Nc6 3. g3 g6 4. Bg2 Bg7 5. Nf3 e5 6. O-O Nge7 7. d3 d6 8. Rb1 O-O 9. a3 a5 10. Ne1 Be6 11. Nc2 d5 12. cxd5 Nxd5 13. Ne3 Nde7 14. Ne4 b6 15. Ng5 Bd7 16. Nc4 h6 17. Ne4 f5 18. Ned6 Rb8 19. f4 exf4 20. gxf4 b5 21. Ne5 Nxe5 22. fxe5 Bxe5 23. Qb3+ Kg7 24. Bf4 Bxf4 25. Rxf4 Bc6 26. Qc3+ Rf6 27. e4 b4 28. Nxf5+ Nxf5 29. Qc1 Nd4 0-1

[Event "2BLN 2324 Hamburger SK II - SK Doppelbau"]
[Site "?"]
[Date "2024.02.24"]
[Round "7.1"]
[White "Olsen, Filip Boe"]
[Black "Lubbe, Nikolas"]
[Result "0-1"]
[WhiteElo "2454"]
[BlackElo "2506"]
[PlyCount "66"]
[EventDate "2024.??.??"]

1. Nf3 d5 2. g3 Nf6 3. Bg2 e6 4. O-O Be7 5. c4 O-O 6. d4 c6 7. Nc3 a5 8. b3 b6 9. Bb2 Ba6 10. a3 Nbd7 11. Re1 h6 12. Nd2 b5 13. c5 e5 14. dxe5 Nxe5 15. Nxd5 cxd5 16. Bxe5 Bxc5 17. e3 Re8 18. Bb2 b4 19. Qc2 Rc8 20. Qf5 d4 21. exd4 Rxe1+ 22. Rxe1 bxa3 23. Bc3 Bxd4 24. Bxd4 Qxd4 25. Qxa5 Rc2 26. Qxa6 Rxd2 27. Rf1 a2 28. Kh1 Rxf2 29. Rc1 g6 30. Re1 Kg7 31. Qa8 Ng4 32. h3 Rxg2 33. hxg4 Qf2 0-1

[Event "2BLN 2324 Hamburger SK II - SK Doppelbau"]
[Site "?"]
[Date "2024.02.24"]
[Round "7.2"]
[White "Peyrer, Konstantin"]
[Black "Parvanyan, Ashot"]
[Result "1/2-1/2"]
[WhiteElo "2437"]
[BlackElo "2412"]
[PlyCount "37"]
[EventDate "2024.??.??"]

1. d4 Nf6 2. c4 e6 3. Nf3 d5 4. Nc3 a6 5. c5 b6 6. cxb6 cxb6 7. Bf4 Nc6 8. e3 Bb7 9. Bd3 Be7 10. h3 Rc8 11. O-O O-O 12. Rc1 b5 13. Qe2 Qb6 14. Bb1 Rfd8 15. Rfd1 Qa5 16. Nd2 Qb6 17. Nf3 Qa5 18. Nd2 Qb6 19. Nf3 1/2-1/2

[Event "2BLN 2324 Hamburger SK II - SK Doppelbau"]
[Site "?"]
[Date "2024.02.24"]
[Round "7.3"]
[White "Hector, Jonny"]
[Black "Roebers, Eline"]
[Result "1/2-1/2"]
[WhiteElo "2449"]
[BlackElo "2368"]
[PlyCount "198"]
[EventDate "2024.??.??"]

1. e4 e6 2. d4 d5 3. Nc3 Bb4 4. e5 c5 5. Bd2 Ne7 6. a3 Bxc3 7. Bxc3 b6 8. h4 Ba6 9. Bxa6 Nxa6 10. h5 h6 11. Qe2 Nb8 12. f4 Nbc6 13. Nf3 Nf5 14. Qf2 cxd4 15. Bxd4 Ncxd4 16. Nxd4 Nxd4 17. Qxd4 Rc8 18. O-O-O Rc4 19. Qxc4 dxc4 20. Rxd8+ Kxd8 21. Kd2 Ke7 22. Kc3 Rd8 23. a4 f5 24. Rg1 Rd5 25. g3 Kf7 26. Rg2 g6 27. Kxc4 gxh5 28. b4 a6 29. Kc3 a5 30. b5 Rc5+ 31. Kd4 Rd5+ 32. Ke3 Rc5 33. Rd2 Rc3+ 34. Rd3 Rxc2 35. Rd7+ Ke8 36. Rd6 Ke7 37. Rxb6 Rc4 38. Rb7+ Kd8 39. Rb8+ Kd7 40. Rh8 Rxa4 41. Rh7+ Kd8 42. Rxh6 Kd7 43. Rh7+ Kd8 44. Rxh5 Rb4 45. Rh6 Kd7 46. Rh7+ Kd8 47. Rb7 a4 48. Kf3 Rb2 49. Ra7 Rxb5 50. Rxa4 Rb2 51. Ra3 Ke8 52. Re3 Kf7 53. Rd3 Ke7 54. Ke3 Ra2 55. Rd2 Ra7 56. Kf3 Kf7 57. Kg2 Rb7 58. Kh3 Kg6 59. Rd6 Rh7+ 60. Kg2 Re7 61. Rd8 Ra7 62. Rf8 Ra6 63. Kh3 Kh5 64. Rg8 Ra2 65. Rg7 Rb2 66. Rh7+ Kg6 67. Re7 Rb6 68. Re8 Kf7 69. Rd8 Rb7 70. Rd6 Re7 71. Ra6 Re8 72. Ra7+ Kg6 73. Rd7 Rh8+ 74. Kg2 Ra8 75. Re7 Ra6 76. Kf2 Rb6 77. Ke3 Rc6 78. Kd4 Kh5 79. Rg7 Rc1 80. Rg8 Rc7 81. Rg5+ Kh6 82. g4 fxg4 83. Rxg4 Rc1 84. Rg8 Kh5 85. Rf8 Kg4 86. Rf6 Rd1+ 87. Kc5 Rd2 88. Kc6 Rd4 89. Kc7 Rd5 90. Rf7 Rd4 91. Rd7 Ra4 92. Kd6 Ra6+ 93. Ke7 Kf5 94. Kf7 Ra4 95. Re7 Kxf4 96. Rxe6 Re4 97. Rf6+ Kxe5 98. Re6+ Kd5 99. Rxe4 Kxe4 1/2-1/2

[Event "2BLN 2324 Hamburger SK II - SK Doppelbau"]
[Site "?"]
[Date "2024.02.24"]
[Round "7.4"]
[White "Colpe, Malte"]
[Black "Arndt, Magnus"]
[Result "0-1"]
[WhiteElo "2398"]
[BlackElo "2381"]
[PlyCount "100"]
[EventDate "2024.??.??"]

1. d4 Nf6 2. c4 e6 3. Nc3 Bb4 4. e3 O-O 5. Bd3 d5 6. a3 Bxc3+ 7. bxc3 dxc4 8. Bxc4 c5 9. Nf3 Qc7 10. Be2 b6 11. Bb2 Bb7 12. O-O Nbd7 13. Re1 Rad8 14. a4 Rfe8 15. a5 Bc6 16. axb6 axb6 17. h3 b5 18. Nd2 Nb6 19. Rb1 e5 20. Bf3 e4 21. Be2 c4 22. Qc2 Nfd5 23. Ba3 f5 24. Nf1 f4 25. exf4 Nxf4 26. Ne3 Qf7 27. Bc1 Qg6 28. Bg4 Rf8 29. d5 Nbxd5 30. Nxd5 Nxd5 31. Be3 h5 32. Bd1 Nf4 33. Bxf4 Rxf4 34. Re3 Rd3 35. Qe2 Rf3 36. Bc2 Rdxe3 37. fxe3 Rxh3 38. Rd1 Qg5 39. Rd6 Be8 40. Bxe4 Qxe3+ 41. Qxe3 Rxe3 42. Re6 Kf8 43. Kf2 Rxc3 44. Rb6 Rb3 45. Rb7 c3 46. Ke3 Rb2 47. Rc7 b4 48. Kd4 Rd2+ 49. Ke3 Rd6 50. Rc4 Bg6 0-1

[Event "2BLN 2324 Hamburger SK II - SK Doppelbau"]
[Site "?"]
[Date "2024.02.24"]
[Round "7.5"]
[White "Kopylov, Daniel"]
[Black "Woelk, Tom-Frederic"]
[Result "1/2-1/2"]
[WhiteElo "2340"]
[BlackElo "2356"]
[PlyCount "78"]
[EventDate "2024.??.??"]

1. e4 c5 2. Nf3 d6 3. d4 cxd4 4. Nxd4 Nf6 5. Nc3 a6 6. Bc4 e6 7. a4 Qc7 8. Qe2 Nc6 9. Nxc6 bxc6 10. a5 Be7 11. O-O d5 12. Bd3 O-O 13. Re1 Re8 14. Ra4 Nd7 15. e5 Nf8 16. b3 c5 17. Bd2 d4 18. Nd1 f6 19. Nb2 f5 20. Qh5 Bd7 21. Raa1 Bc6 22. Bg5 Ng6 23. Nc4 Qb7 24. f3 Bf8 25. Bd2 Ra7 26. Re2 Qc7 27. Rae1 Rd8 28. Bg5 Be7 29. Nd6 Bd5 30. Nc4 Bxg5 31. Qxg5 Qe7 32. Qg3 Qc7 33. Nb6 Ne7 34. Rb1 Bc6 35. b4 Nd5 36. Nxd5 Bxd5 37. bxc5 Qxa5 38. Qh4 Rc8 39. Qxd4 Qxc5 {(=)} 1/2-1/2

[Event "2BLN 2324 Hamburger SK II - SK Doppelbau"]
[Site "?"]
[Date "2024.02.24"]
[Round "7.6"]
[White "Garner, Isaac"]
[Black "Ermitsch, Magnus"]
[Result "1/2-1/2"]
[WhiteElo "2299"]
[BlackElo "2368"]
[PlyCount "114"]
[EventDate "2024.??.??"]

1. e4 c5 2. c3 Nf6 3. e5 Nd5 4. Bc4 e6 5. Nf3 d6 6. d4 cxd4 7. cxd4 Be7 8. O-O O-O 9. Qe2 b6 10. Rd1 Bb7 11. Bxd5 exd5 12. Nc3 Na6 13. e6 Nc7 14. exf7+ Rxf7 15. Re1 h6 16. h3 Bc8 17. Nh2 Bh4 18. Be3 Bf5 19. a4 Qd7 20. Qh5 Be7 21. Nf1 Raf8 22. Ng3 Kh7 23. a5 b5 24. Na2 b4 25. Nxb4 Qb5 26. Rec1 Qxb4 27. Rxc7 Qxb2 28. Rac1 Be6 29. Qe2 Qxe2 30. Nxe2 Bd8 31. Rxf7 Rxf7 32. Rc6 Rd7 33. Nf4 Bf5 34. g4 Be4 35. Ne6 Be7 36. Rc8 Kg6 37. Nf8+ Bxf8 38. Rxf8 Kh7 39. h4 Rb7 40. Kh2 Rb5 41. Bf4 Rb3 42. Ra8 Rf3 43. Be3 Rf7 44. Rd8 Rf6 45. Rd7 a6 46. Ra7 Bd3 47. Kg3 Kg8 48. Bf4 Rf7 49. Ra8+ Rf8 50. Rxf8+ Kxf8 51. Bxd6+ Kf7 52. h5 Be2 53. Be5 Bd1 54. f4 Be2 55. Kh4 Bd1 56. g5 hxg5+ 57. fxg5 g6 1/2-1/2

[Event "2BLN 2324 Hamburger SK II - SK Doppelbau"]
[Site "?"]
[Date "2024.02.24"]
[Round "7.7"]
[White "Boe, Mads"]
[Black "Bracker, Frank"]
[Result "1/2-1/2"]
[WhiteElo "2292"]
[BlackElo "2293"]
[PlyCount "114"]
[EventDate "2024.??.??"]

1. d4 Nf6 2. Nf3 e6 3. Bf4 c5 4. c3 Nc6 5. e3 d5 6. Nbd2 cxd4 7. exd4 Nh5 8. Be3 Bd6 9. Ne5 g6 10. Nd3 Ng7 11. Bf4 O-O 12. Be2 b6 13. O-O Ba6 14. Bxd6 Qxd6 15. Ne5 Bxe2 16. Qxe2 b5 17. Ndf3 Rab8 18. Rad1 b4 19. c4 dxc4 20. Nxc4 Qd8 21. Ne3 Ne7 22. Qc4 Ngf5 23. Nxf5 gxf5 24. Ne5 Qd6 25. Qb3 Ng6 26. Nxg6 hxg6 27. d5 e5 28. Rfe1 Rfd8 29. Qe3 e4 30. Rd4 Kg7 31. f3 exf3 32. Qxf3 Rbc8 33. Qf2 a5 34. h3 Rc7 35. Red1 Rdc8 36. R4d2 Rc4 37. Kh1 Re4 38. Re2 Rce8 39. Rxe4 fxe4 40. Qd4+ Re5 41. Kg1 g5 42. g4 Kg6 43. Kg2 e3 44. Re1 Qxd5+ 45. Qxd5 Rxd5 46. Kf3 f5 47. Rxe3 f4 48. Re6+ Kf7 49. Ra6 Re5 50. Kf2 Rd5 51. Kf3 Rd3+ 52. Ke4 Rxh3 53. Rxa5 Kf6 54. Ra6+ Kf7 55. Ra5 Kf6 56. Ra6+ Kf7 57. Ra5 Kf6 {(=)} 1/2-1/2

[Event "2BLN 2324 Hamburger SK II - SK Doppelbau"]
[Site "?"]
[Date "2024.02.24"]
[Round "7.8"]
[White "Lubbe, Melanie"]
[Black "Pajeken, Wolfgang"]
[Result "0-1"]
[WhiteElo "2232"]
[BlackElo "2250"]
[PlyCount "98"]
[EventDate "2024.??.??"]

1. e4 Nf6 2. e5 Nd5 3. d4 d6 4. c4 Nb6 5. exd6 cxd6 6. d5 e6 7. Nc3 Be7 8. Be3 O-O 9. Rc1 exd5 10. cxd5 Bg5 11. Nf3 Bxe3 12. fxe3 Bg4 13. Qd4 Bxf3 14. gxf3 Qg5 15. Kf2 N8d7 16. Rg1 Qf6 17. Qxf6 Nxf6 18. e4 a6 19. Ne2 Rfc8 20. Bh3 Rxc1 21. Rxc1 Kf8 22. Rc7 Rb8 23. b3 g6 24. a4 Ne8 25. Rc3 Ke7 26. Nd4 Nd7 27. b4 Kd8 28. Nb3 Nef6 29. Na5 Nb6 30. Ra3 Nfd7 31. Ke3 Ne5 32. Kd4 g5 33. Bf5 h5 34. h4 f6 35. Bh3 g4 36. Bg2 Kc7 37. Rc3+ Kd7 38. Ra3 Rc8 39. fxg4 hxg4 40. Nxb7 Rc4+ 41. Ke3 Rc2 42. Ra1 Rxg2 43. b5 Nbc4+ 44. Kf4 Rf2+ 45. Kg3 Rf3+ 46. Kh2 a5 47. Rc1 Rh3+ 48. Kg2 Ne3+ 49. Kg1 g3 0-1

[Event "2BLN 2324 FC St. Pauli - Lübecker SV"]
[Site "?"]
[Date "2024.02.24"]
[Round "7.1"]
[White "Kalinitschew, Sergey"]
[Black "Socko, Bartosz"]
[Result "0-1"]
[WhiteElo "2391"]
[BlackElo "2549"]
[PlyCount "66"]
[EventDate "2024.??.??"]

1. d4 Nf6 2. Bf4 d5 3. e3 e6 4. Nd2 c5 5. c3 Nc6 6. Ngf3 Be7 7. Ne5 Qb6 8. Rb1 Nd7 9. h4 Ndxe5 10. dxe5 Bd7 11. h5 O-O-O 12. Nf3 Rdg8 13. Bd3 g5 14. hxg6 hxg6 15. Ke2 f5 16. Rxh8 Rxh8 17. b4 Qd8 18. bxc5 g5 19. Bg3 Bxc5 20. Nd4 Na5 21. Qc2 Bb6 22. f3 Qc7 23. Qb2 Nc4 24. Bxc4 Qxc4+ 25. Kf2 Qd3 26. Qc1 Kb8 27. Rb3 Rc8 28. Kg1 Ba4 29. Ra3 f4 30. Bf2 Rc4 31. Kh2 fxe3 32. Qxe3 Qxe3 33. Bxe3 Bc5 0-1